| 000 -ლიდერი |
| ფიქსირებული სიგრძის საკონტროლო ველი |
00972nam a22002057a 4500 |
| 003 - საკონტროლო ნომრის იდენტიფიკატორი |
| საკონტროლო ველი |
Ge_BSU |
| 005 - ბოლო ოპერაციის თარიღი და დრო |
| საკონტროლო ველი |
20230628165759.0 |
| 008 - ფიქსირებული სიგრძის მონაცემთა ელემენტები - ზოგადი ინფორმაცია |
| ფიქსირებული სიგრძის საკონტროლო ველი |
230628s2005 ge ||||| |||| 00| 0 geo d |
| 020 ## - წიგნის საერთაშორისო სტანდარტული ნომერი |
| International Standard Book Number |
9994081551 |
| 041 ## - ენის კოდი |
| Language code of text/sound track or separate title |
geo |
| 080 ## - უნივერსალური ათობითი კლასიფიკაციის ინდექსი |
| Universal Decimal Classification number |
330.1(075.3) ა-87 |
| 100 ## - მთავარი ჩანაწერი - პიროვნების სახელი |
| Personal name |
ასათიანი, როზეტა |
| 9 (RLIN) |
19046 |
| 245 ## - ცნობა სათაურის შესახებ |
| Title |
ეკონომიკა-კეთილი ჯადოქარი : |
| Remainder of title |
[სახელმძღვ. საშ. სკ. მე-5 კლ. / |
| Statement of responsibility, etc |
როზეტა ასათიანი, დოდო იოსელიანი; მეცნ.-რედ.: ლეო ჩიქავა]. |
| 264 ## - წარმოების, გამოცემის, დისტრიბუციის და სხვა ცნობები |
| გამოცემის, წარმოების, დისტრიბუციის... ადგილი |
თბილისი : |
| გამოცემის, წარმოების, დისტრიბუციის... სახელწოდება |
სიახლე, |
| გამოცემის, წარმოების, დისტრიბუციის... თარიღი |
2005. |
| 300 ## - ფიზიკური აღწერა |
| Extent |
110გვ. ; |
| Other physical details |
20სმ. |
| 653 ## - INDEX TERM--UNCONTROLLED |
| Uncontrolled term |
ეკონომიკა |
| 700 ## - ADDED ENTRY--PERSONAL NAME |
| Personal name |
ჩიქავა, ლეო |
| Relator term |
მეცნ.-რედაქტორი |
| 9 (RLIN) |
19047 |
| 700 ## - ADDED ENTRY--PERSONAL NAME |
| Personal name |
იოსელიანი, დოდო |
| Relator term |
ავტორი |
| 9 (RLIN) |
4628 |
| 942 ## - ADDED ENTRY ELEMENTS (KOHA) |
| Source of classification or shelving scheme |
|
| Koha item type |
წიგნი |